000
00282nam a2200109 4500
008
160630b xxu||||| |||| 00| 0 eng d
100
_9
1533
_a
NCERT
245
_a
Well Done Guide English - IX
260
_a
N,D
_b
Arya
_c
2003
300
_a
Well Done Guide English - IX
942
_2
ddc
_c
BK
999
_c
1266
_d
1266